000 00606nam a2200193Ia 4500
008 151121s9999||||xx |||||||||||||| ||und||
082 _aबा। वि।
082 _bHNW-79865
100 _aजफा मनोरमा
245 _aफुले आणि मी
260 _b"नॅशनल बुक ट्रस्ट, इं।- न। दिल्ली"
260 _c--
300 _a0
600 _aजफा मनोरमा
630 _aफुले आणि मी
700 _aजफा मनोरमा
730 _aफुले आणि मी
942 _cBOOK
999 _c1261221
_d1261218